[Event "Washington Class Championships"]
[Site "Lynnwood, WA"]
[Date "2016.11.26"]
[Round "3"]
[White "Fagundes Frank  (WA)"]
[Black "Seshadri Sridhar  (WA)"]
[Result "1-0"]
[WhiteElo "1791"]
[BlackElo "1685"]
[Annotator ""]
[Source ""]
[Remark "Class A"]

1.d4 d5 2.c4 c6 3.Nc3 Nf6 4.Nf3 h6 5.e3 Bf5 6.cxd5 cxd5 7.Bb5+
Nc6 8.Qa4 Qc7 9.Ne5 Rc8 10.O-O e6 11.Bd2 Bd6 12.f4 O-O 13.Rac1
Qa5 14.Bxc6 Qd8 15.Bxb7 Rxc3 16.Bxc3 Bxe5 17.fxe5 Ne4 18.Bb4
Qg5 19.Rf3 Rd8 20.Rc8 Rxc8 21.Bxc8 Bg4 22.Qe8+ Kh7 23.Be7 f6
24.Bxe6 Bxe6 25.Bxf6 Qg4 26.h3 Nxf6 27.exf6 1-0

[Event "Washington Class Championships"]
[Site "Lynnwood, WA"]
[Date "2016.11.27"]
[Round "5"]
[White "Bishop Alan  (WA)"]
[Black "Yu Jason  (WA)"]
[Result "1-0"]
[WhiteElo "2000"]
[BlackElo "1999"]
[Annotator ""]
[Source ""]
[Remark "Expert"]

1.e4 e5 2.f4 Bc5 3.Nf3 d6 4.Nc3 Nf6 5.Bc4 Nc6 6.d3 a6 7.Rf1 h6
8.h3 exf4 9.Bxf4 Qe7 10.Qd2 Be6 11.Bb3 Bxb3 12.axb3 d5 13.O-O-O
d4 14.Nd5 Nxd5 15.exd5 Bb4 16.c3 dxc3 17.bxc3 Na5 18.Kc2 Qc5
19.Qe3+ Qxe3 20.Bxe3 1-0

[Event "Washington Class Championships"]
[Site "Lynnwood, WA"]
[Date "2016.11.25"]
[Round "1"]
[White "Ramasamy Vikram  (WA)"]
[Black "Kuhner Mary  (WA)"]
[Result "1-0"]
[WhiteElo "2051"]
[BlackElo "1979"]
[Annotator ""]
[Source ""]
[Remark "Expert"]

{%00þ} 1.e4 e6 2.d4 d5 3.Nd2 Nf6 4.e5 Nfd7 5.Bd3 c5 6.c3
Nc6 7.Ne2 cxd4 8.cxd4 f6 9.exf6 Nxf6 10.Nf3 Bd6 11.O-O Qc7 12.Nc3
a6 13.Bg5 O-O 14.Rc1 Qf7 15.Re1 Qh5 16.h3 h6 17.Bxf6 Rxf6 18.Na4
Bd7 19.Nb6 Rd8 20.Bxa6 Rxf3 21.Be2 Qh4 22.Bxf3 Nxd4 23.Bg4 Qf6
24.Nxd7 Rxd7 25.Rc8+ Kh7 26.Bh5 g6 27.Bxg6+ Qxg6 28.Qxd4 Rg7
29.Qg4 Qf7 30.Qh4 Qg6 31.g3 Qf5 32.Qd8 Bxg3 33.Qh8+ Kg6 34.fxg3
Qxh3 35.Re3 Qg4 36.Rg8 Qd1+ 37.Kf2 1-0

[Event "Washington Class Championships"]
[Site "Lynnwood, WA"]
[Date "2016.11.25"]
[Round "1"]
[White "He Samuel  (WA)"]
[Black "Zavortnik Matt  (OR)"]
[Result "1/2-1/2"]
[WhiteElo "2259"]
[BlackElo "2132"]
[Annotator ""]
[Source ""]
[Remark "Master"]

1.d4 e6 2.e4 d5 3.e5 c5 4.c3 Nc6 5.Nf3 Bd7 6.Be2 f6 7.O-O fxe5
8.Nxe5 Nxe5 9.dxe5 Qc7 10.c4 d4 11.Bf3 O-O-O 12.Re1 Ne7 13.Bf4
h6 14.b4 g5 15.Bg3 Nf5 16.bxc5 Bc6 17.Nd2 h5 18.h3 g4 19.Bxc6
Qxc6 20.Ne4 gxh3 21.gxh3 Bxc5 22.Qd3 Rhg8 23.Kh2 Rg6 24.Rg1 Rdg8
25.Bf4 Be7 26.Rxg6 Rxg6 27.Rg1 Rxg1 28.Kxg1 a6 29.f3 Qa4 30.Qb3
Qa5 31.c5 Qe1+ 32.Kh2 Qe2+ 33.Kg1 Qe1+ 34.Kh2 Qe2+ 1/2-1/2

[Event "Washington Class Championships"]
[Site "Lynnwood, WA"]
[Date "2016.11.25"]
[Round "1"]
[White "Jones Davey  (WA)"]
[Black "Anthony Ralph  (WA)"]
[Result "0-1"]
[WhiteElo "1756"]
[BlackElo "1602"]
[Annotator ""]
[Source ""]
[Remark "Class B"]

1.e4 d6 2.d4 Nf6 3.Nc3 g6 4.f4 Bg7 5.Bd3 Bg4 6.Nf3 Nc6 7.Be3
e5 8.dxe5 dxe5 9.Bb5 Nd7 10.Bxc6 bxc6 11.Qd2 O-O 12.h3 Be6 13.O-O-O
Qe7 14.fxe5 Nxe5 15.Nxe5 Bxe5 16.Bd4 Rfd8 17.Qe3 Qf6 18.Bxe5
Qxe5 19.Rxd8+ Rxd8 20.g4 c5 21.Rd1 Rd4 22.Qf3 c6 23.a3 Qg5+ 24.Kb1
Qe5 25.Kc1 Kg7 26.Rxd4 cxd4 27.Ne2 Bc4 28.Qf4 f6 29.Qxe5 fxe5
30.Kd2 Kf6 31.h4 g5 32.Ng1 gxh4 33.Nf3 h3 34.Ke1 h6 35.Kf2 c5
36.Nd2 Be6 37.Kg3 Bxg4 38.b3 h2 39.Kxh2 Bd1 40.Kg3 Bxc2 41.b4
cxb4 42.axb4 Bd3 43.Kh4 Be2 44.Nb3 Ke7 45.Kg3 Kd6 46.Kf2 d3 47.Ke3
Kc6 48.Nc5 h5 49.Ne6 Kb5 0-1

[Event "Washington Class Championships"]
[Site "Lynnwood, WA"]
[Date "2016.11.25"]
[Round "1"]
[White "Mathews Daniel  (WA)"]
[Black "Jose Marionito  (CAN)"]
[Result "1-0"]
[WhiteElo "1783"]
[BlackElo "1648"]
[Annotator ""]
[Source ""]
[Remark "Class B"]

1.e4 c5 2.Nf3 e6 3.d4 cxd4 4.Nxd4 Qb6 5.Nb3 a6 6.Be3 Qc7 7.Nc3
d6 8.Be2 Nd7 9.O-O Ngf6 10.f4 b5 11.a3 Bb7 12.Bf3 Rc8 13.Rc1
Be7 14.Qd2 h5 15.h3 Qb8 16.Bd4 e5 17.fxe5 dxe5 18.Bf2 Rxc3 19.Qxc3
Nxe4 20.Bxe4 Bxe4 21.Nc5 Nxc5 22.Bxc5 Qc7 23.b4 Rh6 24.Qe3 Bxc5
25.bxc5 Qc6 26.Rf2 Rg6 27.Kh2 h4 28.Rd1 f5 29.Rd6 Rxd6 30.cxd6
Qxd6 31.Rd2 Qg6 32.Qc3 Qg3+ 33.Qxg3 hxg3+ 34.Kxg3 Ke7 35.Kh4
Bc6 36.Kg5 Bd7 37.h4 Be6 38.Kg6 e4 39.Kxg7 Bc4 40.h5 e3 41.Rd1
Be2 42.Re1 Bxh5 43.Rxe3+ Kd6 44.Kf6 Bg4 45.Re6+ Kc5 46.Rxa6 Kc4
47.Rb6 Kc5 48.Rb8 Kc6 49.Ke5 Kc5 50.g3 Kc6 51.Kd4 Bd1 52.c3 Be2
53.Re8 Bg4 54.Re6+ Kc7 55.Rf6 Bh3 56.Kc5 1-0

[Event "Washington Class Championships"]
[Site "Lynnwood, WA"]
[Date "2016.11.25"]
[Round "1"]
[White "He Daniel  (WA)"]
[Black "Cigan Jason  (OR)"]
[Result "1/2-1/2"]
[WhiteElo "2302"]
[BlackElo "2219"]
[Annotator ""]
[Source ""]
[Remark "Master"]

1.g3 e5 2.c4 Nf6 3.Bg2 c6 4.d4 exd4 5.Qxd4 Na6 6.Nc3 Bc5 7.Qe5+
Be7 8.Nh3 O-O 9.O-O Re8 10.Qd4 Nb4 11.Qd1 d6 12.Nf4 Bf8 13.a3
Na6 14.b4 Nc7 15.b5 Bd7 16.a4 a6 17.bxc6 Bxc6 18.Ncd5 Ncxd5 19.cxd5
Bd7 20.a5 Bb5 21.Bb2 Rc8 22.Re1 Ne4 23.f3 Nc3 24.Qc2 Na4 25.Bd4
Nc5 26.Qb2 Na4 27.Qd2 Nc5 28.Ra3 Qg5 29.Bh3 Rc7 30.e4 Nd7 31.Bxd7
Bxd7 32.Rc1 Rec8 33.Rac3 Rxc3 34.Rxc3 Qd8 35.Bb6 Qe8 36.Qc2 Be7
37.Rxc8 Qxc8 38.Qxc8+ Bxc8 39.Nd3 Bd7 40.Kf2 Kf8 41.Ke3 Bb5 42.Nf2
Ke8 43.f4 Bf6 44.Nh3 Bf1 45.Ng1 Kd7 46.Nf3 Bg2 47.Ne1 Bf1 48.Kf2
Bc4 49.Nf3 Be7 50.g4 h6 51.h4 g6 52.h5 gxh5 53.gxh5 f5 54.Nd2
Ba2 55.Ke3 Bf6 56.Bd4 Bd8 57.Bc3 Ke7 58.Kd4 fxe4 59.Kxe4 Kf7
60.Bb4 Be7 61.Kd4 Bf6+ 62.Ke4 Be7 63.Bc3 1/2-1/2

[Event "Washington Class Championships"]
[Site "Lynnwood, WA"]
[Date "2016.11.27"]
[Round "6"]
[White "Petrov Oscar  (WA)"]
[Black "Pogrebinsky Daniel  (WA)"]
[Result "1-0"]
[WhiteElo "1683"]
[BlackElo "1662"]
[Annotator ""]
[Source ""]
[Remark "Class A"]

1.e4 c5 2.Nc3 Nc6 3.Bc4 e6 4.f4 Nge7 5.d3 d5 6.Bb3 Nd4 7.Nf3
Nxb3 8.axb3 Nc6 9.e5 Be7 10.O-O O-O 11.Ne2 f6 12.Bd2 Qc7 13.exf6
Bxf6 14.Nc3 b6 15.Qe2 Nd4 16.Nxd4 cxd4 17.Nb5 Qxc2 18.b4 Qc6
19.Nxa7 Qd7 20.Nxc8 Rfxc8 21.Rfc1 Rxc1+ 22.Rxc1 Be7 23.Qe5 Bf6
24.Rc7 Bxe5 25.Rxd7 Bf6 26.Rd6 Ra1+ 27.Kf2 Rb1 28.Rxe6 Rxb2 29.Ke2
Kf7 30.Rxb6 Be7 31.g4 h6 32.Kd1 Rb1+ 33.Bc1 Rxb4 34.Rxb4 Bxb4
35.Bb2 Bc5 36.Kc2 Bb6 37.Kb3 Bc7 38.Bc1 Kf6 39.h3 h5 40.Kb4 Bd6+
41.Kb5 hxg4 42.hxg4 g6 43.Kc6 Ke6 44.Bd2 ( 44.f5+ ) Bb8 45.Bc1
Bd6 {?} 46.f5+ gxf5 47.gxf5+ Ke5 48.Bf4+ Kxf4 49.Kxd6 Ke3 50.f6
Kxd3 51.f7 Kc2 52.f8Q d3 53.Qc8+ Kb1 54.Qc3 d2 55.Qxd2 d4 56.Kc5
d3 57.Kb4 Ka1 58.Ka3 Kb1 59.Qb2# 1-0

[Event "Washington Class Championships"]
[Site "Lynnwood, WA"]
[Date "2016.11.26"]
[Round "4"]
[White "Rajesh Anirudh  (WA)"]
[Black "Peng Patrick  (WA)"]
[Result "1-0"]
[WhiteElo "1060"]
[BlackElo "1271"]
[Annotator ""]
[Source ""]
[Remark "Class D"]

1.d4 d5 2.c4 c6 3.Nc3 Nf6 4.Nf3 e6 5.Bf4 Bd6 6.Bg5 h6 7.Bh4 Nbd7
8.e3 b6 9.Bd3 dxc4 10.Bxc4 Bb7 11.O-O O-O 12.Qb3 Qc7 13.e4 e5
14.dxe5 Nxe5 15.Nxe5 Bxe5 16.Bg3 b5 17.Bxe5 Qxe5 18.Bd3 Nh5 19.a4
Rfd8 20.Rad1 a6 21.Ne2 Rd6 22.Ng3 Rad8 23.Nf5 Rg6 24.Bc4 Rd5
25.exd5 bxc4 26.Qf3 cxd5 27.Rfe1 d4 28.Rxe5 Bxf3 29.Ne7+ Kh7
30.Nxg6 Bxd1 31.Nf8+ Kg8 32.Nd7 Bxa4 33.Nb6 Bd1 34.Nxc4 Nf6 35.Ra5
Ne4 36.f3 Nf6 37.Rxa6 Bb3 38.Nd2 Nd5 39.Nxb3 Nf4 40.Nxd4 Nd3
41.b3 Kf8 42.Kf1 Ke7 43.Nc6+ Ke8 44.b4 Kd7 45.b5 Nc5 46.Ra7+
Kc8 47.Rxf7 h5 48.Ke2 h4 49.b6 h3 50.g3 g5 51.Na5 g4 52.b7+ Nxb7
53.Nxb7 gxf3+ 54.Kxf3 Kb8 55.Ke4 Kc8 56.Kd5 Kb8 57.Nd6 Ka8 58.Kc6
Kb8 59.Kb6 Ka8 60.Rf8# 1-0

[Event "Washington Class Championships"]
[Site "Lynnwood, WA"]
[Date "2016.11.25"]
[Round "1"]
[White "Yang Jason  (WA)"]
[Black "Vega Isaac  (OR)"]
[Result "1/2-1/2"]
[WhiteElo "1797"]
[BlackElo "1660"]
[Annotator ""]
[Source ""]
[Remark "Class A"]

1.d4 Nf6 2.c4 g6 3.Nc3 Bg7 4.e4 d6 5.Nf3 O-O 6.Be2 e5 7.O-O Nc6
8.d5 Ne7 9.Ne1 Nd7 10.Be3 f5 11.f3 f4 12.Bf2 g5 13.b4 Nf6 14.Rc1
Ng6 15.c5 Rf7 16.Nd3 Bf8 17.b5 h5 18.Na4 g4 19.b6 cxb6 20.cxb6
g3 21.hxg3 fxg3 22.Bxg3 h4 23.Bh2 Nh5 24.Kf2 Bh6 25.Rc3 Ng3 26.Bxg3
hxg3+ 27.Ke1 Nh4 28.Rg1 Be3 29.Rh1 Nxg2+ 30.Kf1 Nh4 31.Ne1 g2+
32.Nxg2 Nxg2 33.Rh2 Qg5 34.Rxc8+ Rxc8 35.Rxg2 Qxg2+ 36.Kxg2 Rg7+
37.Kh3 Bf4 38.Qe1 Kf7 ( 38...Rh7+ 39.Kg2 Rh2+ 40.Kg1 Kf7 ) 39.Qh4
Rc1 40.Qh5+ Ke7 41.Qh4+ Kf7 42.Qh5+ Ke7 43.Qh4+ 1/2-1/2

[Event "Washington Class Championships"]
[Site "Lynnwood, WA"]
[Date "2016.11.26"]
[Round "3"]
[White "Dokka Shananda  (WA)"]
[Black "Peng Christopher  (WA)"]
[Result "0-1"]
[WhiteElo "342"]
[BlackElo "693"]
[Annotator ""]
[Source ""]
[Remark "Class E -- 2 Day"]

1.e4 e5 2.d4 exd4 3.Qxd4 Nc6 4.Qc4 Nf6 5.Bd3 d5 6.exd5 Nxd5 7.Nf3
Be6 8.O-O Bd6 9.Qg4 Bxg4 10.Nh4 Qxh4 11.Re1+ Nde7 12.Kf1 Qxh2
13.f3 Be6 14.g3 Bxg3 15.Be3 Bh3# 0-1

[Event "Washington Class Championships"]
[Site "Lynnwood, WA"]
[Date "2016.11.26"]
[Round "2"]
[White "Xue Henry  (WA)"]
[Black "Peng Christopher  (WA)"]
[Result "1-0"]
[WhiteElo "801"]
[BlackElo "693"]
[Annotator ""]
[Source ""]
[Remark "Class E -- 2 Day"]

1.e4 e5 2.Nf3 Nc6 3.Bc4 Bc5 4.d3 Nf6 5.Ng5 O-O 6.Nc3 d6 7.Nd5
Nxd5 8.Bxd5 Bd7 9.Qh5 h6 10.Nxf7 Qe7 11.Nxh6+ Kh8 12.Nf5# 1-0

[Event "Washington Class Championships"]
[Site "Lynnwood, WA"]
[Date "2016.11.26"]
[Round "1"]
[White "Hendricks David  (WA)"]
[Black "Chen Minda  (WA)"]
[Result "0-1"]
[WhiteElo "1753"]
[BlackElo "1637"]
[Annotator ""]
[Source ""]
[Remark "Class B -- 2 Day"]

1.d4 d5 2.Bf4 Nf6 3.e3 Bf5 4.c4 dxc4 5.Bxc4 e6 6.a3 Be7 7.h3
a6 8.Nc3 Nbd7 9.Nf3 O-O 10.Rc1 Rc8 11.O-O h6 12.b4 Nb6 13.Bb3
Nbd5 14.Bh2 a5 15.Nxd5 Nxd5 16.Re1 Be4 17.Nd2 Bh7 18.Bxd5 exd5
19.Qb3 axb4 20.axb4 Qd7 21.b5 c6 22.bxc6 bxc6 23.Qb6 Bd6 24.Bxd6
Qxd6 25.Rc5 Bd3 26.Rec1 Rb8 27.Qxc6 Qxc6 28.Rxc6 Rb2 29.Nf3 f6
30.Rd6 Bc4 31.Ra1 Rb7 32.Nd2 Rc8 33.Rc1 Rb2 34.Nf1 Ra8 35.e4
Bxf1 36.Rxf1 dxe4 37.Rd7 Raa2 38.Re7 Re2 39.d5 Rad2 40.Rc1 Rxd5
41.Rcc7 Re1+ 42.Kh2 Rg5 43.Rc4 Rf1 0-1

[Event "Washington Class Championships"]
[Site "Lynnwood, WA"]
[Date "2016.11.26"]
[Round "1"]
[White "Xu Kevin  (ID)"]
[Black "Campbell Tim  (WA)"]
[Result "0-1"]
[WhiteElo "1671"]
[BlackElo "1792"]
[Annotator ""]
[Source ""]
[Remark "Class B -- 2 Day"]

1.d4 d5 2.c4 e6 3.Nc3 Nf6 4.Nf3 Nbd7 5.Bg5 c6 6.e3 Qa5 7.a3 Ne4
8.Qc2 Bb4 9.Rc1 Bxc3+ 10.bxc3 Qxa3 11.Bd3 Nxg5 12.Nxg5 dxc4 13.Bxh7
Nf6 14.O-O Nxh7 15.Nxh7 Qe7 16.f4 Qh4 17.Ng5 Qxh2+ 18.Kf2 Qh4+
19.Ke2 Qg4+ 20.Ke1 Qg3+ 21.Kd1 Qxe3 0-1

[Event "Washington Class Championships"]
[Site "Lynnwood, WA"]
[Date "2016.11.26"]
[Round "1"]
[White "Yan Jeffrey  (WA)"]
[Black "Wynn Scott  (WA)"]
[Result "1-0"]
[WhiteElo "1725"]
[BlackElo "1623"]
[Annotator ""]
[Source ""]
[Remark "Class B -- 2 Day"]

1.e4 g6 2.d4 d6 3.f4 Bg7 4.Bc4 c5 5.c3 cxd4 6.cxd4 Qb6 7.Nf3
Bg4 8.Bxf7+ Kxf7 9.Ng5+ Ke8 10.Qxg4 Nc6 11.Nxh7 Qxd4 12.Qxg6+
Kd7 13.e5 Bxe5 14.fxe5 Qxe5+ 15.Kd1 Qd5+ 16.Bd2 Ne5 17.Qg7 1-0

[Event "Washington Class Championships"]
[Site "Lynnwood, WA"]
[Date "2016.11.27"]
[Round "6"]
[White "Pandiaraj Pranav  (WA)"]
[Black "O'Brien Garam  (WA)"]
[Result "0-1"]
[WhiteElo "664"]
[BlackElo "632"]
[Annotator ""]
[Source ""]
[Remark "Class E"]

1.e4 c5 2.Nf3 d6 3.Be2 Nf6 4.d3 e5 5.Nc3 Be7 6.O-O O-O 7.Bd2
Be6 8.h3 Nbd7 9.a3 h6 10.Re1 d5 11.b3 d4 12.Na4 b5 13.Nb2 Re8
14.a4 b4 15.Nc4 Bxc4 16.dxc4 Nxe4 17.Bd3 Nxd2 18.Qxd2 Bg5 19.Qd1
Qf6 20.Be4 Rad8 21.Nxg5 Qxg5 22.Bc6 Re6 23.Bd5 Rf6 24.Bf3 Rf4
25.Re4 Nf6 26.Rxf4 Qxf4 27.Qe2 e4 28.Bg4 Re8 29.Qd1 Re5 30.Be2
e3 31.Bf3 Ne4 32.Bxe4 Qxf2+ 33.Kh1 Rxe4 34.Qf1 Rf4 35.Qxf2 Rxf2
36.Kg1 Rxc2 37.Rb1 e2 38.Kf2 d3 39.Ke3 Rc3 40.Kd2 Kf8 41.Ke3
Ke7 42.Kf3 Ke6 43.Ke3 Ke5 44.Kd2 Ke4 45.Ke1 Ke3 46.g4 d2# 0-1

[Event "Washington Class Championships"]
[Site "Lynnwood, WA"]
[Date "2016.11.26"]
[Round "1"]
[White "Shubin Daniel  (WA)"]
[Black "Hawkins Nicholas  (ID)"]
[Result "1/2-1/2"]
[WhiteElo "1757"]
[BlackElo "1870"]
[Annotator ""]
[Source ""]
[Remark "Class A -- 2 Day"]

1.e4 e6 2.d4 d5 3.exd5 exd5 4.Bd3 c5 5.dxc5 Bxc5 6.Nf3 Nf6 7.O-O
O-O 8.Nc3 Bg4 9.Bg5 Nc6 10.Bxf6 Qxf6 11.Nxd5 Qxb2 12.Bxh7+ Kh8
13.Bd3 Rad8 14.h3 Rxd5 15.hxg4 Nb4 16.Qb1 Nxd3 17.cxd3 Qxb1 18.Raxb1
b6 19.Rfd1 Rfd8 20.Rb3 Kg8 21.Kf1 f6 22.d4 Bd6 23.Rc3 Ra5 24.Rc2
Kf7 25.d5 Bb8 26.Rcd2 Bf4 27.Rd4 Be5 28.Nxe5+ fxe5 29.R4d2 Rd6
30.Rc1 a6 31.Rc7+ Kf8 32.Rc8+ Ke7 33.Rc7+ Kf8 34.Rc8+ 1/2-1/2

[Event "Washington Class Championships"]
[Site "Lynnwood, WA"]
[Date "2016.11.26"]
[Round "1"]
[White "Esposito Jason  (NY)"]
[Black "Peng Brandon  (WA)"]
[Result "0-1"]
[WhiteElo "1401"]
[BlackElo "1457"]
[Annotator ""]
[Source ""]
[Remark "Class C -- 2 Day"]

1.d4 d5 2.Nf3 c5 3.Bf4 Nf6 4.e3 Nc6 5.c3 e6 6.Bd3 Bd6 7.Ne5 Qc7
8.Nxc6 bxc6 9.Bg3 Rb8 10.Qc2 c4 11.Be2 c5 12.Nd2 Bd7 13.Bxd6
Qxd6 14.f4 cxd4 15.cxd4 Qb4 16.b3 cxb3 17.Qxb3 Qd6 18.Qd1 O-O
19.O-O Rfc8 20.Nb3 Ba4 21.Qd3 Ne4 22.Rfc1 Rxc1+ 23.Rxc1 Qa3 24.Qa6
g6 25.Rc8+ Rxc8 26.Qxc8+ Kg7 27.Qc2 Qb4 28.h3 Qe1+ 29.Kh2 Qg3+
30.Kg1 Qxe3+ 31.Kh2 Qxf4+ 32.Kg1 Qf2+ 33.Kh2 Bxb3 34.axb3 Qxd4
35.Bf3 Nc5 36.Qa2 h6 37.Qxa7 Nxb3 38.Qc7 Nd2 39.Bg4 Nf1+ 40.Kh1
Ne3 41.Bxe6 Qf6 42.Qxf7+ Qxf7 43.Bxf7 Kxf7 44.Kg1 Kf6 45.Kf2
Nc4 46.g3 Ke5 47.Kf3 d4 0-1

[Event "Washington Class Championships"]
[Site "Lynnwood, WA"]
[Date "2016.11.26"]
[Round "2"]
[White "Hawkins Nicholas  (ID)"]
[Black "Pogrebinsky Daniel  (WA)"]
[Result "1-0"]
[WhiteElo "1870"]
[BlackElo "1662"]
[Annotator ""]
[Source ""]
[Remark "Class A -- 2 Day"]

1.e4 c5 2.Nf3 Nc6 3.d4 cxd4 4.Nxd4 g6 5.c4 Bg7 6.Be3 d6 7.Nc3
Nf6 8.Be2 O-O 9.O-O Bd7 10.h3 Ne8 11.Qd2 f5 12.exf5 Bxf5 13.Nxf5
Rxf5 14.Bg4 Rf8 15.Be6+ Kh8 16.Bh6 Nc7 17.Rfe1 Ne5 18.Bxg7+ Kxg7
19.f4 Nxe6 20.fxe5 Nc5 21.Rad1 Qb6 22.Nd5 Qd8 23.exd6 exd6 24.Re7+
Rf7 25.Qd4+ Kg8 26.Rxf7 Kxf7 27.Rf1+ Ke8 28.Qg7 1-0

[Event "Washington Class Championships"]
[Site "Lynnwood, WA"]
[Date "2016.11.27"]
[Round "6"]
[White "Olson Travis  (WA)"]
[Black "Truelson Joseph  (WA)"]
[Result "1-0"]
[WhiteElo "1883"]
[BlackElo "1825"]
[Annotator ""]
[Source ""]
[Remark "Class A"]

1.d4 Nf6 2.c4 g6 3.Nc3 d5 4.cxd5 Nxd5 5.e4 Nxc3 6.bxc3 Bg7 7.Nf3
c5 8.Rb1 Nc6 9.d5 Ne5 10.Nxe5 Bxe5 11.Bb5+ Bd7 12.Qb3 b6 13.f4
Bg7 14.e5 Bxb5 15.Qxb5+ Qd7 16.a4 e6 17.dxe6 fxe6 18.Be3 Qxb5
19.Rxb5 Kd7 20.Bxc5 bxc5 21.Rb7+ Kc6 22.Rxg7 Rab8 23.Ke2 Rhd8
24.Kf3 Rb3 25.Kg4 Rxc3 26.Rxh7 Rd2 27.g3 c4 28.Re7 Rb3 29.Rxe6+
Kc7 30.Rxg6 c3 31.Rg7+ Kd8 32.Rg8+ Kd7 33.e6+ Kxe6 34.Rc8 c2
35.Rc1 Rxh2 36.R8xc2 Rh8 37.Rc6+ Kd5 38.R1c5+ Kd4 39.Rg5 Rh1
40.Kf5 Rh3 41.Ra6 Rhxg3 42.Rxg3 Rxg3 43.Rxa7 Kd5 44.Ra6 Rg8 45.a5 1-0

[Event "Washington Class Championships"]
[Site "Lynnwood, WA"]
[Date "2016.11.27"]
[Round "5"]
[White "Gupta Anand  (WA)"]
[Black "Toppen-Ryan Harrison  (WA)"]
[Result "1-0"]
[WhiteElo "1015"]
[BlackElo "821"]
[Annotator ""]
[Source ""]
[Remark "Class E"]

1.d4 Nf6 2.c4 e6 3.Nf3 c5 4.d5 exd5 5.cxd5 d6 6.Bg5 Nbd7 7.Nc3
g6 8.e4 Bg7 9.Nb5 Ne5 10.Nxe5 dxe5 11.d6 O-O 12.Bxf6 Bxf6 13.Nc7
Rb8 14.Bb5 Bd7 15.Bxd7 Qxd7 16.Qd5 b6 17.O-O Rfd8 18.Rad1 Bg7
19.f4 exf4 20.Rxf4 Bxb2 21.e5 Bd4+ 22.Rdxd4 cxd4 23.e6 fxe6 24.Nxe6
Qxd6 25.Rf8+ Qxf8 26.Nxd8+ Kh8 27.Qe5+ Qg7 28.Qxb8 d3 29.Nf7# 1-0

[Event "Washington Class Championships"]
[Site "Lynnwood, WA"]
[Date "2016.11.27"]
[Round "5"]
[White "Munsey Michael  (WA)"]
[Black "Patton Lorenzo  (WA)"]
[Result "1-0"]
[WhiteElo "1337"]
[BlackElo "1114"]
[Annotator ""]
[Source ""]
[Remark "Class D"]

1.d4 d5 2.Nf3 Nc6 3.c4 dxc4 4.e3 Bg4 5.Bxc4 e5 6.h3 Bxf3 7.Qxf3
Nf6 8.d5 e4 9.Qd1 Ne5 10.Bb5+ c6 11.dxc6 Qxd1+ 12.Kxd1 bxc6 13.Be2
Bb4 14.Kc2 O-O 15.a3 Ba5 16.b4 Bb6 17.Bb2 Ned7 18.Nc3 a5 19.Rad1
axb4 20.axb4 c5 21.b5 Rfd8 22.Ra1 h6 23.Rhd1 Nf8 24.Na4 Rxd1
25.Bxd1 Nd5 26.Nxb6 Nxb6 27.Rxa8 Nxa8 28.Ba3 Nd7 29.Bg4 Nab6
30.Bf5 Nc4 31.Bxd7 Nxa3+ 32.Kb3 Nxb5 33.Bxb5 Kh7 34.g4 Kg6 35.Bc6
f5 36.gxf5+ Kxf5 37.Kc4 h5 38.Kxc5 Ke5 39.h4 g6 40.Be8 Kf5 41.Kd4
g5 42.hxg5 Kxg5 43.Kxe4 h4 44.Bd7 Kf6 45.f4 Kf7 46.Kf3 Ke7 47.Bh3
Kd6 48.Kg4 Kd5 49.Kxh4 Kd6 50.Kg5 Ke7 51.Kg6 Ke8 52.Kg7 Ke7 53.f5
Ke8 54.f6 Kd8 55.f7 1-0

[Event "Washington Class Championships"]
[Site "Lynnwood, WA"]
[Date "2016.11.27"]
[Round "6"]
[White "Peng Brandon  (WA)"]
[Black "Munkh-Erdene Munkhbileg  (WA)"]
[Result "1/2-1/2"]
[WhiteElo "1457"]
[BlackElo "1447"]
[Annotator ""]
[Source ""]
[Remark "Class C"]

1.d4 Nf6 2.c4 d6 3.Nc3 g6 4.Nf3 Bg7 5.Bf4 O-O 6.g3 Nbd7 7.Bg2
Re8 8.O-O Nb6 9.b3 Bf5 10.Re1 Qd7 11.Qd2 Bh3 12.Bh6 Bxg2 13.Bxg7
Qh3 14.Ng5 Qh5 15.Bxf6 exf6 16.Nxh7 Kxh7 17.Kxg2 Rh8 18.Rh1 Kg7
19.h3 Qf5 20.Qd3 Qd7 21.Qf3 c6 22.Rae1 d5 23.c5 Nc8 24.e4 Ne7
25.exd5 cxd5 26.a4 Rad8 27.Nb5 a6 28.Nd6 Qc7 29.Re2 Nc8 30.Qxd5
Nxd6 31.cxd6 Rxd6 32.Qc5 Qd7 33.Rd2 Rc8 34.Qb4 Qc6+ 35.Kh2 Rh8
36.Rhd1 Qd7 37.h4 Rd5 38.Rh1 g5 39.Kg2 gxh4 40.Qc4 h3+ 41.Kh2
Qf5 42.Qd3 Qd7 43.Rc1 Rd8 44.Rcd1 Qc6 45.Qc4 Qe6 46.Qe2 Qb6 47.Qe3
Qc6 48.f3 Re8 49.Qf4 Qc3 50.Qg4+ Rg5 51.Qf4 Re3 52.Rf2 Qxb3 53.Rdd2
Re1 54.Rfe2 Rxe2+ 55.Rxe2 Qxa4 56.Qd2 Qc6 57.f4 Rd5 58.Qb2 Qd7
59.Rd2 Kg6 60.Qb1+ Kg7 61.Qb4 Kg6 62.Qc4 Kg7 63.Rd3 Qe6 64.g4
Qe2+ 65.Kxh3 Qf1+ 66.Kh4 Qf2+ 67.Kh3 Qf1+ ( 67...Rd8 68.Qc5
( 68.g5 Rh8+ 69.Kg4 Rh4+ 70.Kf5 Qxf4# ) Rh8+ 69.Qh5 Rxh5+ 70.gxh5
Qf1+ ) 68.Kg3 Qg1+ 69.Kf3 Qh1+ 1/2-1/2

[Event "Washington Class Championships"]
[Site "Lynnwood, WA"]
[Date "2016.11.27"]
[Round "6"]
[White "Esposito Jason  (NY)"]
[Black "Lee Brian  (WA)"]
[Result "0-1"]
[WhiteElo "1401"]
[BlackElo "1451"]
[Annotator ""]
[Source ""]
[Remark "Class C"]

1.d4 Nf6 2.Nf3 g6 3.Bf4 Bg7 4.e3 O-O 5.Nbd2 d6 6.c3 c6 7.a4 a5
8.Be2 Re8 9.h3 Nbd7 10.Qc2 e5 11.dxe5 dxe5 12.Bh2 Qc7 13.O-O
Nc5 14.e4 Nfd7 15.b4 Ne6 16.Bc4 Bf8 17.Qb3 h6 18.Nd4 Nb6 19.Nxe6
Bxe6 20.Bxe6 Rxe6 21.f4 axb4 22.cxb4 exf4 23.a5 Qd8 24.Bxf4 h5
25.axb6 Rxa1 26.Rxa1 Qd4+ 27.Kh2 Qxa1 28.Qd3 Qf6 29.Bc7 Bxb4
30.Nf3 Qe7 31.e5 Kg7 32.Qe4 f6 33.Nd4 Rxe5 34.Bxe5 Qxe5+ 35.Qxe5
fxe5 36.Ne6+ Kf6 37.Nd8 Bc5 38.Nxb7 Bxb6 39.Nd6 Ke6 40.Nc4 Bd4
41.Kg3 g5 42.Kf3 Kd5 43.Nd2 c5 44.g4 h4 45.Ne4 Kc4 46.Ke2 Kd5
47.Kf3 c4 48.Nxg5 c3 49.Ke2 e4 50.Kd1 Ke5 51.Ke2 c2 52.Nf7+ Kf4
53.Kd2 Kg3 54.Kxc2 Kxh3 55.Ng5+ Kxg4 56.Nxe4 h3 57.Kd3 Bg1 58.Nf6+
Kf3 59.Ne4 h2 60.Ng5+ Kg4 0-1

[Event "Washington Class Championships"]
[Site "Lynnwood, WA"]
[Date "2016.11.26"]
[Round "3"]
[White "Richards Jerrold  (WA)"]
[Black "Farny Andreas  (WA)"]
[Result "0-1"]
[WhiteElo "1521"]
[BlackElo "1690"]
[Annotator ""]
[Source ""]
[Remark "Class B"]

1.c4 c5 2.g3 e6 3.Bg2 Nf6 4.Nf3 Nc6 5.O-O Be7 6.d3 O-O 7.Nc3
d5 8.cxd5 exd5 9.Bf4 a6 10.a3 Be6 11.Ng5 Bf5 12.e4 Be6 13.Nxe6
fxe6 14.Bh3 Nd4 15.e5 Ne8 16.Qg4 Nf5 17.Nd1 g6 18.Bg2 Rc8 19.h4
Neg7 20.Ne3 b5 21.Nxf5 exf5 22.Qf3 d4 23.Bh6 Qd7 24.Bxg7 Kxg7
25.Qb7 Qxb7 26.Bxb7 Rb8 27.Bc6 Rbc8 28.Bd7 Rc7 29.e6 f4 30.Rae1
h5 31.Re4 Rf5 32.gxf4 Rd5 33.Kh2 c4 34.dxc4 bxc4 35.Rc1 c3 36.bxc3
dxc3 37.Re3 Rdc5 38.Ba4 Bd6 39.Rf3 Rc4 40.Kg2 Rxa4 41.Rcxc3 Rxc3
42.Rxc3 Kf6 43.Re3 Rxf4 44.Rb3 Kxe6 45.Re3+ Kd7 46.f3 Rxh4 47.Rb3
Ra4 48.Rb7+ Ke6 49.Rb1 Rxa3 50.Re1+ Kf7 51.Rd1 Ra2+ 52.Kf1 Be7
53.Rb1 a5 54.Rb5 a4 55.f4 a3 56.f5 Rb2 57.fxg6+ Kxg6 58.Ra5 a2
59.Ra6+ Bf6 0-1

[Event "Washington Class Championships"]
[Site "Lynnwood, WA"]
[Date "2016.11.26"]
[Round "2"]
[White "Doknjas Joshua  (CAN)"]
[Black "Bragg David  (WA)"]
[Result "1/2-1/2"]
[WhiteElo "2236"]
[BlackElo "2200"]
[Annotator ""]
[Source ""]
[Remark "Master -- 2 Day"]

1.e4 c6 2.Nc3 d5 3.Nf3 g6 4.d4 Bg7 5.Bf4 dxe4 6.Nxe4 Nf6 7.Nxf6+
exf6 8.Qd2 O-O 9.O-O-O Bg4 10.Be2 Na6 11.h3 Be6 12.Kb1 b5 13.g4
Nc7 14.Bh6 Bxh6 15.Qxh6 Qd5 16.b3 Qe4 17.Qd2 Nd5 18.Rde1 b4 19.Qd3
Nc3+ 20.Kb2 Qxd3 21.Bxd3 Bd5 22.Re3 Rfe8 23.Rf1 Rxe3 24.fxe3
Re8 25.Nd2 Rxe3 26.a3 a5 27.Nc4 Bxc4 28.Bxc4 Kg7 29.Rh1 Rg3 30.Bd3
Rf3 31.axb4 axb4 32.Ba6 Re3 33.Bb7 Re6 34.Ra1 Rd6 35.Re1 h6 36.Kc1
f5 37.gxf5 g5 38.Re5 Kf6 39.Rc5 Rxd4 40.Kb2 Rd1 41.Rxc6+ Kxf5
42.Rc5+ Kf4 43.Rc4+ Kg3 44.Rxb4 Nd5 45.Rb5 Nf4 46.c4 Nxh3 47.c5
Nf4 48.c6 Ne6 49.Rf5 Rd2+ 50.Kc3 Rd1 51.Rxf7 Nd8 52.Rf6 Nxb7
53.cxb7 Rd8 54.Rxh6 {This seems clearly won for white, but I have no idea of any time considerations.}
 1/2-1/2

[Event "Washington Class Championships"]
[Site "Lynnwood, WA"]
[Date "2016.11.26"]
[Round "2"]
[White "Abdiev Bulan  (WA)"]
[Black "Jain Eva  (WA)"]
[Result "1-0"]
[WhiteElo "1213"]
[BlackElo "895"]
[Annotator ""]
[Source ""]
[Remark "Class E -- 2 Day"]

1.e4 e5 2.Nf3 Nc6 3.Bc4 Nf6 4.Ng5 d5 5.exd5 Na5 6.Bb5+ c6 7.dxc6
Nxc6 8.O-O Bc5 9.Qf3 Bd7 10.d3 h6 11.Ne4 Nxe4 12.Qxe4 O-O 13.Nc3
a6 14.Ba4 b5 15.Bb3 a5 16.Nxb5 Nd4 17.Nxd4 exd4 18.Bd2 Re8 19.Qd5
Rf8 20.Qxc5 Rc8 21.Qxa5 Qf6 22.Rae1 Qg6 23.Qe5 Bh3 24.Qg3 Bf5
25.Qxg6 Bxg6 26.Re7 Rfd8 27.Rfe1 Bf5 28.Rxf7 Kh8 29.Rxf5 g6 30.Rf7
Rb8 31.Ree7 Re8 32.Rh7# 1-0